000 00442nam a2200181Ia 4500
005 20250612122737.0
008 008 250516s9999 xx 000 0 eng d
020 _a9780143467045
040 _beng
_cSDCL
041 _aeng
_2eng
084 _aW6 R4 LR
100 _aPitroda, Sam
_9462025
245 0 _aIdea of Democracy
260 _aGurugram :
_bPenguin,
_c2024.
300 _axi, 243p.
650 _aReference
942 _cGB
_2CC
999 _c1429484
_d1429484